[Event "Barnaul Kura Memorial"]
[Site "Barnaul"]
[Date "2021.02.27"]
[Round "5"]
[White "Girya, Olga"]
[Black "Azimov, Ilyas"]
[Result "1-0"]
[WhiteElo "2432"]
[BlackElo "2235"]
[PlyCount "65"]
[EventDate "2021.02.27"]
[EventType "swiss (rapid)"]
[EventRounds "11"]
[EventCountry "RUS"]
[SourceTitle "CBM 200 Extra"]
[Source "ChessBase"]
[SourceDate "2021.03.31"]
[SourceVersion "1"]
[SourceVersionDate "2021.03.31"]
[SourceQuality "1"]

1. d4 Nf6 2. c4 e6 3. Nf3 Bb4+ 4. Bd2 a5 5. a3 Be7 6. Nc3 d6 7. e4 Nc6 8. Bd3 e5 9. d5 Nb8 10. 0-0 0-0 11. b4 b6 12. c5 bxc5 13. bxc5 Na6 14. Na4 Nd7 15. cxd6 cxd6 16. Be3 Nac5 17. Nxc5 dxc5 18. Bb5 Bd6 19. Rc1 Ba6 20. Bxa6 Rxa6 21. Nd2 Qe7 22. Nc4 Rc8 23. Rb1 Nf6 24. Qd3 Ra7 25. Bg5 h6 26. Bxf6 Qxf6 27. Rb6 Rd8 28. a4 Rad7 29. Nxa5 Qf4 30. Nb7 Bc7 31. Rc6 Rb8 32. Nxc5 Bb6 33. Nxd7 1-0

[Event "Moscow op-A 16th"]
[Site "Moscow"]
[Date "2020.02.02"]
[Round "9"]
[White "Azimov, Ilyas"]
[Black "Vdovin, Vadim"]
[Result "1/2-1/2"]
[WhiteElo "2212"]
[BlackElo "2355"]
[PlyCount "81"]
[EventDate "2020.01.25"]
[EventType "swiss"]
[EventRounds "9"]
[EventCountry "RUS"]
[SourceTitle "CBM 194 Extra"]
[Source "ChessBase"]
[SourceDate "2020.03.31"]
[SourceVersion "1"]
[SourceVersionDate "2020.03.31"]
[SourceQuality "1"]

1. e4 e5 2. Nf3 Nc6 3. d4 exd4 4. Nxd4 Bc5 5. Be3 Qf6 6. c3 Nge7 7. g3 h5 8. h3 d5 9. Bg2 dxe4 10. 0-0 Bxd4 11. cxd4 Bf5 12. Nc3 0-0-0 13. d5 Nxd5 14. Nxd5 Qe5 15. Qa4 Rxd5 16. Rac1 Ra5 17. Qc4 Qe6 18. Qc3 Qe5 19. Qc4 Be6 20. Qc2 Nb4 21. Qd2 Nd3 22. Bf4 Nxf4 23. gxf4 Rd5 24. Qe3 Qd4 25. Qa3 Rhd8 26. Rc3 f5 27. Qe7 Bd7 28. Rxc7+ Kxc7 29. Rc1+ Kb6 30. Qxd8+ Ka6 31. a4 Qb6 32. Bf1+ Ka5 33. b4+ Kxa4 34. Qg8 Qd4 35. Rc4 Qd1 36. b5+ Ka5 37. Qxg7 Bxb5 38. Qc3+ Kb6 39. Qe3+ Ka5 40. Qa3+ Kb6 41. Qe3+ 1/2-1/2

[Event "Moscow op-A 16th"]
[Site "Moscow"]
[Date "2020.01.29"]
[Round "5"]
[White "Azimov, Ilyas"]
[Black "Khubukshanov, Erdem"]
[Result "1/2-1/2"]
[WhiteElo "2212"]
[BlackElo "2343"]
[PlyCount "138"]
[EventDate "2020.01.25"]
[EventType "swiss"]
[EventRounds "9"]
[EventCountry "RUS"]
[SourceTitle "CBM 194 Extra"]
[Source "ChessBase"]
[SourceDate "2020.03.31"]
[SourceVersion "1"]
[SourceVersionDate "2020.03.31"]
[SourceQuality "1"]

1. e4 c5 2. Nf3 Nc6 3. d4 cxd4 4. Nxd4 Qb6 5. Nb3 Nf6 6. Nc3 e6 7. Qf3 Bb4 8. Bg5 Ne5 9. Qg3 d6 10. Bxf6 gxf6 11. Qg7 Rf8 12. Qxf6 Qc6 13. 0-0-0 Bxc3 14. bxc3 Qxc3 15. Kb1 Qc7 16. f4 Nc6 17. Bb5 Bd7 18. Rd2 a6 19. Bxc6 Bxc6 20. f5 Qe7 21. Qd4 0-0-0 22. Rhd1 exf5 23. exf5 Qe5 24. Qb6 Rg8 25. Na5 Qb5+ 26. Qxb5 Bxb5 27. Rxd6 Rxd6 28. Rxd6 Rxg2 29. h4 Bd7 30. Rf6 Rf2 31. Nc4 Kd8 32. Nd6 Ke7 33. Rh6 Rf4 34. Kc1 f6 35. Nxb7 Bxf5 36. Rh5 Rf2 37. c4 Be4 38. Nc5 Bg6 39. Rd5 Rc2+ 40. Kd1 Rxc4 41. h5 Be8 42. Nxa6 Ra4 43. Nc7 Bf7 44. Rd2 Ra5 45. h6 Bxa2 46. Rg2 Bb3+ 47. Ke1 Rg5 48. Rb2 Rg3 49. Kf2 Rh3 50. Kg2 Rc3 51. Nb5 Bd5+ 52. Kh2 Re3 53. Nd4 Kf7 54. Ne2 Rf3 55. Rd2 Be6 56. Kg2 Rf5 57. Kg3 Rg5+ 58. Kf4 Kg6 59. Rd6 Re5 60. Ng3 Kxh6 61. Ne4 Kg6 62. Rd8 Rf5+ 63. Kg3 Bd5 64. Nd6 Rg5+ 65. Kh4 h5 66. Ne8 Be6 67. Nxf6 Kxf6 68. Rf8+ Kg6 69. Rf6+ Kxf6 1/2-1/2

[Event "Moscow op-A 16th"]
[Site "Moscow"]
[Date "2020.01.26"]
[Round "2"]
[White "Lupolov, Boris"]
[Black "Azimov, Ilyas"]
[Result "0-1"]
[WhiteElo "1973"]
[BlackElo "2212"]
[PlyCount "74"]
[EventDate "2020.01.25"]
[EventType "swiss"]
[EventRounds "9"]
[EventCountry "RUS"]
[SourceTitle "CBM 194 Extra"]
[Source "ChessBase"]
[SourceDate "2020.03.31"]
[SourceVersion "1"]
[SourceVersionDate "2020.03.31"]
[SourceQuality "1"]

1. d4 Nf6 2. c4 d6 3. Nc3 g6 4. e4 Bg7 5. f3 0-0 6. Be3 e5 7. Nge2 Nbd7 8. Qd2 a6 9. d5 h5 10. Bg5 Qe8 11. Bh6 Nc5 12. Bxg7 Kxg7 13. Nc1 a5 14. b3 Bd7 15. Nd3 b6 16. Be2 Qe7 17. 0-0 Nxd3 18. Bxd3 h4 19. Ne2 Nh5 20. f4 exf4 21. Nxf4 Nxf4 22. Rxf4 g5 23. Rf2 Qe5 24. Raf1 f6 25. a3 Rae8 26. Bb1 Re7 27. Bc2 Kg8 28. Bb1 Bg4 29. h3 Bd7 30. Rf3 Kg7 31. Qf2 Ref7 32. Bd3 Re8 33. Bc2 Qe7 34. Qd2 Qf8 35. b4 axb4 36. axb4 Rfe7 37. Qf2 Qh8 0-1

[Event "EU-ch blitz"]
[Site "Tallinn"]
[Date "2019.12.07"]
[Round "15"]
[White "Azimov, Ilyas"]
[Black "D'Costa, Lorin AR"]
[Result "1-0"]
[WhiteElo "2183"]
[BlackElo "2361"]
[PlyCount "93"]
[EventDate "2019.12.07"]
[EventType "swiss (blitz)"]
[EventRounds "22"]
[EventCountry "EST"]
[SourceTitle "CBM 193 Extra"]
[Source "ChessBase"]
[SourceDate "2020.01.31"]
[SourceVersion "1"]
[SourceVersionDate "2020.01.31"]
[SourceQuality "1"]

1. e4 c5 2. Nf3 d6 3. d4 cxd4 4. Nxd4 Nf6 5. Nc3 a6 6. Nb3 Nc6 7. Be2 e6 8. f3 Be7 9. Be3 Qc7 10. Qd2 b5 11. a3 Bb7 12. 0-0-0 Rc8 13. Kb1 0-0 14. h4 Rfd8 15. g4 d5 16. exd5 Nxd5 17. Nxd5 Rxd5 18. Qc3 Bf6 19. Qe1 Ne5 20. c3 Rxd1+ 21. Qxd1 Rd8 22. Qg1 Nc4 23. Bc1 Nxa3+ 24. bxa3 Qxc3 25. Qe3 Qc7 26. g5 Bc3 27. Rd1 Rc8 28. Qd3 Bd5 29. Nd2 b4 30. Ne4 Be5 31. axb4 Rb8 32. Bd2 a5 33. b5 Qe7 34. Rc1 a4 35. Qc2 g6 36. Nf6+ Bxf6 37. gxf6 Qxf6 38. Bc3 Qf4 39. Qd2 Qf5+ 40. Qc2 Qf4 41. Qd2 Qf5+ 42. Qd3 Qf4 43. Qd4 Qxd4 44. Bxd4 f5 45. Be5 Rb7 46. Rc8+ Kf7 47. Rc7+ 1-0

[Event "EU-ch blitz"]
[Site "Tallinn"]
[Date "2019.12.07"]
[Round "16"]
[White "D'Costa, Lorin AR"]
[Black "Azimov, Ilyas"]
[Result "1/2-1/2"]
[WhiteElo "2361"]
[BlackElo "2183"]
[PlyCount "164"]
[EventDate "2019.12.07"]
[EventType "swiss (blitz)"]
[EventRounds "22"]
[EventCountry "EST"]
[SourceTitle "CBM 193 Extra"]
[Source "ChessBase"]
[SourceDate "2020.01.31"]
[SourceVersion "1"]
[SourceVersionDate "2020.01.31"]
[SourceQuality "1"]

1. d4 Nf6 2. Bf4 d5 3. e3 c5 4. dxc5 Nc6 5. Bb5 e6 6. b4 Bd7 7. c3 a5 8. Qb3 axb4 9. cxb4 Ne4 10. Ne2 Be7 11. Nbc3 Nxc3 12. Nxc3 0-0 13. 0-0 Bf6 14. Bd6 Re8 15. Rab1 Ne5 16. a4 Bc6 17. Rfd1 Ng6 18. Bxc6 bxc6 19. b5 Qc8 20. e4 Bxc3 21. Qxc3 dxe4 22. Rb4 f5 23. Qb3 Qb7 24. h3 h6 25. Rdd4 Kh7 26. bxc6 Qxc6 27. Rb6 Qd7 28. c6 Qc8 29. c7 e5 30. Rdb4 Qd7 31. Qd5 Rac8 32. Qc6 Qf7 33. Qc4 Qd7 34. Qc6 Qf7 35. Rb8 Nf4 36. Rxc8 Rxc8 37. Bxe5 Nd3 38. Rb5 Nxe5 39. Rxe5 Rxc7 40. Qb5 Rc1+ 41. Kh2 Qc7 42. g3 Qc8 43. Rxf5 e3 44. Qd3 Kh8 45. fxe3 Rc2+ 46. Kg1 Rc1+ 47. Kg2 Qc6+ 48. e4 Rc2+ 49. Rf2 Rxf2+ 50. Kxf2 Qxa4 51. h4 Qa2+ 52. Kf3 Qf7+ 53. Ke3 Qg6 54. Qd8+ Kh7 55. Qc7 Qe6 56. Qf4 Qb3+ 57. Kf2 Qc2+ 58. Kf3 Qd1+ 59. Kg2 Qe2+ 60. Kh3 Qd1 61. Qf5+ Kh8 62. h5 Qh1+ 63. Kg4 Qd1+ 64. Kf4 Qc1+ 65. Ke5 Qc3+ 66. Kf4 Qc1+ 67. Kg4 Qd1+ 68. Qf3 Qd7+ 69. Kh4 Qe7+ 70. Kh3 Qd7+ 71. g4 Qd2 72. e5 Qe1 73. Qf8+ Kh7 74. Qf5+ Kh8 75. e6 Qe3+ 76. Kg2 Qe2+ 77. Kg3 Qe3+ 78. Kg2 Qe2+ 79. Kh3 Qe3+ 80. Kh4 Qe1+ 81. Kh3 Qe3+ 82. Kg2 Qe2+ 1/2-1/2

[Event "EU-ch blitz"]
[Site "Tallinn"]
[Date "2019.12.07"]
[Round "19"]
[White "Papasimakopoulos, Alexandros"]
[Black "Azimov, Ilyas"]
[Result "1-0"]
[WhiteElo "2356"]
[BlackElo "2183"]
[PlyCount "77"]
[EventDate "2019.12.07"]
[EventType "swiss (blitz)"]
[EventRounds "22"]
[EventCountry "EST"]
[SourceTitle "CBM 193 Extra"]
[Source "ChessBase"]
[SourceDate "2020.01.31"]
[SourceVersion "1"]
[SourceVersionDate "2020.01.31"]
[SourceQuality "1"]

1. d4 Nf6 2. c4 g6 3. f3 d6 4. e4 Bg7 5. Nc3 0-0 6. Nge2 Nbd7 7. Be3 e5 8. Qd2 c6 9. 0-0-0 Qc7 10. Kb1 a6 11. d5 c5 12. Nc1 Rb8 13. h4 h5 14. Be2 Qa5 15. Nb3 Qc7 16. g4 Re8 17. Bh6 Nf8 18. Bxg7 Kxg7 19. Rdg1 N8h7 20. Nc1 Bd7 21. g5 Ng8 22. f4 exf4 23. Qxf4 Re7 24. a4 b5 25. cxb5 axb5 26. Bxb5 Rbe8 27. Re1 f6 28. Bxd7 Qxd7 29. Nb5 fxg5 30. hxg5 Re5 31. Nd3 Rxg5 32. Qxd6 Qxd6 33. Nxd6 Rd8 34. e5 c4 35. Nc5 Rxd6 36. exd6 Rxd5 37. Rd1 Rxd1+ 38. Rxd1 Ngf6 39. d7 1-0

[Event "EU-ch blitz"]
[Site "Tallinn"]
[Date "2019.12.07"]
[Round "18"]
[White "Volodin, Aleksandr"]
[Black "Azimov, Ilyas"]
[Result "1/2-1/2"]
[WhiteElo "2401"]
[BlackElo "2183"]
[PlyCount "96"]
[EventDate "2019.12.07"]
[EventType "swiss (blitz)"]
[EventRounds "22"]
[EventCountry "EST"]
[SourceTitle "CBM 193 Extra"]
[Source "ChessBase"]
[SourceDate "2020.01.31"]
[SourceVersion "1"]
[SourceVersionDate "2020.01.31"]
[SourceQuality "1"]

1. d4 Nf6 2. c4 e6 3. Nf3 Bb4+ 4. Bd2 Qe7 5. g3 0-0 6. Bg2 Bxd2+ 7. Nbxd2 d6 8. e3 Nbd7 9. 0-0 e5 10. Qc2 c6 11. Rac1 h6 12. b4 a5 13. b5 c5 14. dxe5 Nxe5 15. Nxe5 dxe5 16. Ne4 Rb8 17. Rfd1 Bf5 18. Nxf6+ Qxf6 19. Qc3 b6 20. Rd5 Rfe8 21. Rcd1 Rbd8 22. Rxd8 Rxd8 23. Bd5 Be6 24. e4 Bxd5 25. exd5 Qd6 26. Re1 Re8 27. Qf3 g6 28. Qe3 Kh7 29. g4 Qf6 30. Qe4 Qg5 31. h3 f5 32. Qg2 Qd2 33. Qf1 e4 34. Re2 Qd3 35. Re3 Qd4 36. gxf5 gxf5 37. Rg3 f4 38. Rg4 Rg8 39. Rxg8 Kxg8 40. Qg2+ Kh7 41. Qg4 Qg7 42. Kf1 Qxg4 43. hxg4 Kg7 44. Ke2 Kf6 45. a4 Ke5 46. Ke1 Kd6 47. Kf1 Ke5 48. Kg2 Kd6 1/2-1/2

[Event "Chigorin Memorial 27th"]
[Site "St Petersburg"]
[Date "2019.10.11"]
[Round "7"]
[White "Azimov, Ilyas"]
[Black "Putrenko, Kirill"]
[Result "1-0"]
[WhiteElo "2229"]
[BlackElo "1974"]
[PlyCount "113"]
[EventDate "2019.10.05"]
[EventType "swiss"]
[EventRounds "9"]
[EventCountry "RUS"]
[SourceTitle "EXT 2021"]
[Source "ChessBase"]
[SourceDate "2020.10.23"]
[SourceVersion "1"]
[SourceVersionDate "2020.10.23"]
[SourceQuality "1"]

1. e4 c5 2. Nf3 e6 3. d4 cxd4 4. Nxd4 Qb6 5. Nb3 Nc6 6. Nc3 a6 7. Qe2 Qc7 8. Be3 Bb4 9. a3 Bxc3+ 10. bxc3 Nf6 11. Bd2 d6 12. f4 Bd7 13. g3 0-0 14. Bg2 e5 15. f5 d5 16. exd5 Ne7 17. c4 Bxf5 18. Bb4 Bg4 19. Qd2 Rfd8 20. 0-0 Ng6 21. h3 Bd7 22. c5 Qc8 23. Kh2 e4 24. c4 Ne5 25. Qg5 Nf3+ 26. Bxf3 exf3 27. Bc3 h6 28. Qh4 Nh7 29. Qd4 f6 30. Rxf3 Bxh3 31. Re1 Bg4 32. Rff1 Ng5 33. Nd2 Qd7 34. Ne4 Nxe4 35. Rxe4 Bf5 36. Ref4 Bg6 37. Rg4 Kh7 38. Rxg6 Kxg6 39. Qd3+ f5 40. g4 Kh7 41. gxf5 Qf7 42. f6+ g6 43. Bd2 Re8 44. Bxh6 Re5 45. Bg7 Rh5+ 46. Kg2 Qd7 47. Rf3 Rg8 48. f7 Rg5+ 49. Kf2 Kxg7 50. Qd4+ Kh7 51. fxg8Q+ Kxg8 52. Qf6 Rg2+ 53. Kxg2 Qg4+ 54. Kf2 Kh7 55. Qf7+ Kh6 56. Qf4+ Qxf4 57. Rxf4 1-0

[Event "Chigorin Memorial 27th"]
[Site "St Petersburg"]
[Date "2019.10.07"]
[Round "3"]
[White "Azimov, Ilyas"]
[Black "Danilova, Rada"]
[Result "1-0"]
[WhiteElo "2229"]
[BlackElo "1986"]
[PlyCount "43"]
[EventDate "2019.10.05"]
[EventType "swiss"]
[EventRounds "9"]
[EventCountry "RUS"]
[SourceTitle "EXT 2020"]
[Source "ChessBase"]
[SourceDate "2019.10.17"]
[SourceVersion "1"]
[SourceVersionDate "2019.10.17"]
[SourceQuality "1"]

1. e4 c5 2. Nf3 Nc6 3. Bb5 g6 4. Bxc6 dxc6 5. d3 Bg7 6. Nc3 Nf6 7. h3 Nd7 8. Be3 e5 9. Qd2 h6 10. 0-0 b6 11. Nh2 Nf8 12. a4 a5 13. Ne2 g5 14. Ng3 Ng6 15. Nh5 Bf8 16. c3 Nf4 17. Bxf4 gxf4 18. Ng4 Bxg4 19. hxg4 Rg8 20. f3 Rg6 21. g3 fxg3 22. Nxg3 1-0

[Event "Chigorin Memorial 27th"]
[Site "St Petersburg"]
[Date "2019.10.05"]
[Round "1"]
[White "Azimov, Ilyas"]
[Black "Makshanov, Matvey"]
[Result "1-0"]
[WhiteElo "2229"]
[BlackElo "1753"]
[PlyCount "79"]
[EventDate "2019.10.05"]
[EventType "swiss"]
[EventRounds "9"]
[EventCountry "RUS"]
[SourceTitle "EXT 2020"]
[Source "ChessBase"]
[SourceDate "2019.10.17"]
[SourceVersion "1"]
[SourceVersionDate "2019.10.17"]
[SourceQuality "1"]

1. e4 e5 2. Nf3 Nc6 3. c3 d5 4. Bb5 dxe4 5. Nxe5 Qd5 6. Qa4 Nge7 7. Nxc6 bxc6 8. Be2 Bd7 9. 0-0 Ng6 10. Re1 Be7 11. Bf1 Bf5 12. c4 Qd6 13. Nc3 0-0 14. Nxe4 Qd7 15. d3 Ne5 16. Bf4 f6 17. Rad1 h5 18. d4 Ng6 19. Bc1 Bxe4 20. Rxe4 f5 21. Ree1 f4 22. d5 f3 23. Qxc6 Qxc6 24. dxc6 Bc5 25. g3 h4 26. Rd5 Bb4 27. Red1 hxg3 28. hxg3 Ne7 29. Rd7 Nf5 30. Bh3 Bc5 31. Bxf5 Rxf5 32. R7d5 Raf8 33. Rxf5 Rxf5 34. Rd5 Rxd5 35. cxd5 Kf7 36. Be3 Bxe3 37. fxe3 g5 38. d6 g4 39. dxc7 a5 40. c8Q 1-0

[Event "Sochi Archibald op 1st"]
[Site "Sochi"]
[Date "2019.05.17"]
[Round "7"]
[White "Raja, Harshit"]
[Black "Azimov, Ilyas"]
[Result "1-0"]
[WhiteElo "2446"]
[BlackElo "2223"]
[PlyCount "113"]
[EventDate "2019.05.12"]
[EventType "swiss"]
[EventRounds "9"]
[EventCountry "RUS"]
[SourceTitle "CBM 190 Extra"]
[Source "ChessBase"]
[SourceDate "2019.07.15"]
[SourceVersion "1"]
[SourceVersionDate "2019.07.15"]
[SourceQuality "1"]

1. e4 c5 2. Nf3 Nc6 3. d4 cxd4 4. Nxd4 Nf6 5. Nc3 e5 6. Ndb5 d6 7. Bg5 a6 8. Na3 b5 9. Nd5 Be7 10. Bxf6 Bxf6 11. c3 Rb8 12. Be2 Bg5 13. 0-0 0-0 14. Nc2 Kh8 15. a4 bxa4 16. Ncb4 Nxb4 17. cxb4 f5 18. exf5 Bxf5 19. Rxa4 Be4 20. Nc3 Ba8 21. Rxa6 d5 22. Rxa8 Rxa8 23. Qxd5 Qb6 24. Qc5 Qe6 25. Qd5 Qh6 26. b5 Rad8 27. Qc5 Rc8 28. Qb4 Be3 29. Qe4 Bd4 30. Bf3 Qd2 31. Qe2 Qh6 32. Bc6 Rcd8 33. Ne4 Bb6 34. h3 Rd4 35. Kh1 Qg6 36. Ra1 Qf5 37. Ra6 Rb8 38. Ra3 Qf4 39. Rc3 Rbd8 40. g3 Qh6 41. Kg2 Qe6 42. Qh5 g6 43. Qxh7+ Kxh7 44. Ng5+ Kh6 45. Nxe6 Rd2 46. Nxd8 Rxf2+ 47. Kh1 Rf1+ 48. Kh2 Rf2+ 49. Bg2 Bxd8 50. b3 Rb2 51. h4 Bb6 52. Kh3 Bd4 53. Rc6 Rxb3 54. Be4 Bf2 55. Rxg6+ Kh5 56. Rg7 Bxg3 57. Rh7# 1-0

[Event "Sochi Archibald op 1st"]
[Site "Sochi"]
[Date "2019.05.15"]
[Round "5"]
[White "Volkov, Sergey"]
[Black "Azimov, Ilyas"]
[Result "1-0"]
[WhiteElo "2572"]
[BlackElo "2223"]
[PlyCount "61"]
[EventDate "2019.05.12"]
[EventType "swiss"]
[EventRounds "9"]
[EventCountry "RUS"]
[SourceTitle "CBM 190 Extra"]
[Source "ChessBase"]
[SourceDate "2019.07.15"]
[SourceVersion "1"]
[SourceVersionDate "2019.07.15"]
[SourceQuality "1"]

1. d4 Nf6 2. c4 e6 3. Nf3 Bb4+ 4. Nbd2 0-0 5. a3 Be7 6. e4 d6 7. Qc2 Nbd7 8. b4 c5 9. bxc5 dxc5 10. e5 Ng4 11. h3 Nh6 12. Bd3 cxd4 13. Bxh7+ Kh8 14. Nb3 Nf5 15. Bxf5 exf5 16. 0-0 d3 17. Qxd3 Nc5 18. Nxc5 Bxc5 19. Qe2 Be7 20. Rd1 Qb6 21. Bg5 Re8 22. Bxe7 Rxe7 23. Ng5 g6 24. Rd6 Qc7 25. Rad1 Be6 26. R1d4 Kg7 27. Qd2 Rae8 28. Rh4 Rh8 29. Nxe6+ Rxe6 30. Rxh8 Kxh8 31. Qh6+ 1-0

[Event "St Petersburg IM"]
[Site "St Petersburg"]
[Date "2018.11.13"]
[Round "8"]
[White "Mustafayev, Farid Farman Oglu"]
[Black "Azimov, Ilyas"]
[Result "1-0"]
[WhiteElo "2109"]
[BlackElo "2162"]
[PlyCount "131"]
[EventDate "2018.11.06"]
[EventType "tourn"]
[EventRounds "9"]
[EventCountry "RUS"]
[EventCategory "1"]
[SourceTitle "CBM 187 Extra"]
[Source "ChessBase"]
[SourceDate "2018.11.04"]
[SourceVersion "1"]
[SourceVersionDate "2018.11.04"]
[SourceQuality "1"]

1. d4 Nf6 2. Nf3 e6 3. g3 c5 4. c3 b6 5. Bg2 Bb7 6. 0-0 Be7 7. b3 0-0 8. Bb2 d6 9. Nbd2 Qc7 10. Rc1 Nbd7 11. Re1 Rad8 12. e4 Qb8 13. Qe2 a6 14. e5 dxe5 15. dxe5 Nd5 16. a3 b5 17. c4 Nc7 18. Bc3 b4 19. Bb2 Bxf3 20. Bxf3 bxa3 21. Bxa3 Bg5 22. Rcd1 Bxd2 23. Rxd2 Nxe5 24. Rxd8 Nxf3+ 25. Qxf3 Rxd8 26. Bxc5 Ne8 27. Rxe6 Qc8 28. Rc6 Qb7 29. Kg2 h5 30. Rb6 Qc8 31. Be3 Nf6 32. Bg5 Qc5 33. Bxf6 Qxb6 34. Bxd8 Qxd8 35. Qxh5 Qd3 36. Qf3 Qc2 37. h4 g6 38. Qa8+ Kg7 39. Qxa6 Qxb3 40. Qb5 Qa2 41. Qe5+ Kh7 42. Qe4 f5 43. Qb7+ Kh6 44. c5 Qc4 45. Qc7 Qe4+ 46. Kh2 Qc2 47. Kg1 Qb1+ 48. Kh2 Qc2 49. Qf4+ Kh7 50. Qd4 Kg8 51. Kg2 Kh7 52. Qd7+ Kh6 53. c6 Qe4+ 54. Kh2 f4 55. Qd6 fxg3+ 56. Kxg3 Qh1 57. c7 Qg1+ 58. Kf3 Qh1+ 59. Ke2 Qe4+ 60. Kd2 Qa8 61. Qc5 Qa2+ 62. Ke3 Qe6+ 63. Kf4 Qc8 64. Kg3 Kh7 65. Qe7+ Kh6 66. Qd8 1-0

[Event "St Petersburg rapid"]
[Site "St Petersburg"]
[Date "2018.08.25"]
[Round "2"]
[White "Amonatov, Farrukh"]
[Black "Azimov, Ilyas"]
[Result "1-0"]
[WhiteElo "2615"]
[BlackElo "2162"]
[PlyCount "113"]
[EventDate "2018.08.25"]
[EventType "swiss (rapid)"]
[EventRounds "11"]
[EventCountry "RUS"]
[SourceTitle "CBM 186 Extra"]
[Source "ChessBase"]
[SourceDate "2018.08.24"]
[SourceVersion "1"]
[SourceVersionDate "2018.08.24"]
[SourceQuality "1"]

1. e4 d6 2. d4 Nf6 3. Nc3 c6 4. f4 g6 5. Nf3 Bg4 6. Be2 Bg7 7. e5 dxe5 8. fxe5 Nd5 9. h3 Bxf3 10. Bxf3 0-0 11. 0-0 Na6 12. Nxd5 cxd5 13. c4 Nc7 14. cxd5 Nxd5 15. Qb3 Nb6 16. Be3 e6 17. Rac1 Qd7 18. Rc5 Rfc8 19. Rb5 Rc7 20. Rd1 Re8 21. Bf2 Qe7 22. a4 Rd8 23. a5 Nc4 24. Qa4 b6 25. a6 Bh6 26. Rb3 Nd2 27. Rd3 Nxf3+ 28. Rxf3 Rd5 29. Rc3 Rxc3 30. bxc3 b5 31. Qb3 Qc7 32. Bh4 Bf8 33. Bf2 Qc6 34. Ra1 Be7 35. Be3 Kg7 36. Qb2 Qc4 37. Rf1 Bh4 38. Qa3 Rd7 39. Qc1 Be7 40. Qe1 Qc6 41. Qf2 Bf8 42. d5 Qxd5 43. Bd4 b4 44. Kh1 bxc3 45. Bxc3 Qc6 46. Bd2 Qxa6 47. Bg5 Kg8 48. Rb1 Qc8 49. Bf6 a5 50. Qf4 Rc7 51. Kh2 Rc4 52. Qe3 a4 53. Qa7 Qc6 54. Rb8 Rc2 55. Rxf8+ Kxf8 56. Qe7+ Kg8 57. Qd8+ 1-0

[Event "St Petersburg Summer op"]
[Site "St Petersburg"]
[Date "2017.08.24"]
[Round "9"]
[White "Ovchinnikov, Vsevolod"]
[Black "Azimov, Ilyas"]
[Result "1-0"]
[WhiteElo "2380"]
[BlackElo "2169"]
[PlyCount "113"]
[EventDate "2017.08.16"]
[EventType "swiss"]
[EventRounds "9"]
[EventCountry "RUS"]
[SourceTitle "CBM 180 Extra"]
[Source "ChessBase"]
[SourceDate "2017.10.06"]
[SourceVersion "1"]
[SourceVersionDate "2017.10.06"]
[SourceQuality "1"]

1. Nf3 Nf6 2. c4 e6 3. g3 a6 4. Bg2 b5 5. b3 Bb7 6. 0-0 c5 7. Nc3 Qb6 8. d3 Be7 9. e4 d6 10. h3 Nc6 11. Be3 Nd4 12. b4 e5 13. cxb5 axb5 14. a4 bxa4 15. bxc5 Nxf3+ 16. Bxf3 dxc5 17. Nxa4 Qc7 18. Rc1 Ra5 19. Qb3 0-0 20. Nxc5 Bxc5 21. Bxc5 Rxc5 22. Rxc5 Qxc5 23. Qxb7 Rd8 24. Ra1 h6 25. Ra7 Rd7 26. Qb8+ Kh7 27. Rxd7 Nxd7 28. Qe8 Nf6 29. Qxf7 Qd6 30. Be2 Qb4 31. Kg2 Qd2 32. Bh5 Qg5 33. Bf3 Qd2 34. Qe6 Qc3 35. Bg4 Nxg4 36. Qxg4 Qd4 37. Qf5+ Kg8 38. Qc8+ Kh7 39. Qc4 Qa1 40. h4 Qb2 41. Qf7 Qd4 42. Qf3 Qa1 43. Kh3 Qf1+ 44. Kg4 Qa1 45. Qf5+ Kh8 46. Kh5 Qa7 47. Kg4 Qa1 48. f3 Qd4 49. Qe6 Kh7 50. Qd5 Qa1 51. Qd6 Qb2 52. Kf5 Qf2 53. Qg6+ Kh8 54. Kxe5 Qxf3 55. d4 Qa3 56. d5 Qb2+ 57. Ke6 1-0

[Event "St Petersburg Summer op"]
[Site "St Petersburg"]
[Date "2017.08.21"]
[Round "6"]
[White "Azimov, Ilyas"]
[Black "Yangutov, Aleksey"]
[Result "1-0"]
[WhiteElo "2169"]
[BlackElo "1874"]
[PlyCount "101"]
[EventDate "2017.08.16"]
[EventType "swiss"]
[EventRounds "9"]
[EventCountry "RUS"]
[SourceTitle "CBM 180 Extra"]
[Source "ChessBase"]
[SourceDate "2017.10.06"]
[SourceVersion "1"]
[SourceVersionDate "2017.10.06"]
[SourceQuality "1"]

1. e4 c5 2. Nf3 Nc6 3. Bb5 g6 4. Bxc6 bxc6 5. 0-0 Bg7 6. c3 Nh6 7. d4 cxd4 8. cxd4 0-0 9. Nc3 d6 10. h3 f5 11. e5 Nf7 12. Qe2 Qc7 13. Bf4 h6 14. h4 Rb8 15. Rfd1 Nd8 16. d5 c5 17. Rac1 Rb4 18. g3 Qb6 19. b3 Ba6 20. Qd2 Nf7 21. Na4 Rxa4 22. bxa4 dxe5 23. Be3 Rc8 24. Qc2 e4 25. Ne1 Bd4 26. Qb3 Qf6 27. Bxd4 cxd4 28. Rxc8+ Bxc8 29. Qc4 Ba6 30. Qxd4 Qd6 31. Qxa7 Ne5 32. Rb1 Nd7 33. Qa8+ Kf7 34. Qc6 Nc5 35. Rb6 e3 36. Qxd6 exf2+ 37. Kxf2 exd6 38. Ke3 Ke7 39. Nc2 Bc4 40. Nb4 Nxa4 41. Rb7+ Kf6 42. Kd4 Bf1 43. Rd7 Nb2 44. Rxd6+ Kf7 45. Nc6 g5 46. hxg5 hxg5 47. Ne5+ Ke7 48. Re6+ Kd8 49. d6 f4 50. gxf4 gxf4 51. d7 1-0

[Event "St Petersburg Summer op"]
[Site "St Petersburg"]
[Date "2017.08.20"]
[Round "5"]
[White "Aksenova, Maria"]
[Black "Azimov, Ilyas"]
[Result "0-1"]
[WhiteElo "1991"]
[BlackElo "2169"]
[PlyCount "74"]
[EventDate "2017.08.16"]
[EventType "swiss"]
[EventRounds "9"]
[EventCountry "RUS"]
[SourceTitle "CBM 180 Extra"]
[Source "ChessBase"]
[SourceDate "2017.10.06"]
[SourceVersion "1"]
[SourceVersionDate "2017.10.06"]
[SourceQuality "1"]

1. d4 f5 2. Nc3 Nf6 3. Bg5 g6 4. f3 d5 5. Qd2 a6 6. e3 b5 7. a3 Nbd7 8. Nh3 Bb7 9. Nf4 Kf7 10. h4 e6 11. g4 Be7 12. Bxf6 Bxf6 13. g5 Bg7 14. 0-0-0 c5 15. Bh3 Rc8 16. Nce2 Nb6 17. h5 Nc4 18. Qd3 Re8 19. hxg6+ hxg6 20. Ng3 cxd4 21. exd4 Qd6 22. Nfe2 b4 23. a4 a5 24. b3 Na3 25. Rd2 f4 26. Nf5 exf5 27. Bxf5 Ba6 28. Bxg6+ Qxg6 29. Qxg6+ Kxg6 30. Nxf4+ Kf5 31. Nxd5 Bb7 32. Nf6 Bxf6 33. gxf6 Kxf6 34. Rh7 Re1+ 35. Kb2 Bd5 36. f4 Rb1+ 37. Ka2 Rxc2+ 0-1

[Event "St Petersburg Summer op"]
[Site "St Petersburg"]
[Date "2017.08.19"]
[Round "4"]
[White "Azimov, Ilyas"]
[Black "Bodnaruk, Anastasia"]
[Result "0-1"]
[WhiteElo "2169"]
[BlackElo "2440"]
[PlyCount "70"]
[EventDate "2017.08.16"]
[EventType "swiss"]
[EventRounds "9"]
[EventCountry "RUS"]
[SourceTitle "CBM 180 Extra"]
[Source "ChessBase"]
[SourceDate "2017.10.06"]
[SourceVersion "1"]
[SourceVersionDate "2017.10.06"]
[SourceQuality "1"]

1. d4 Nf6 2. Bf4 g6 3. e3 Bg7 4. Nd2 0-0 5. Bd3 d6 6. h3 c5 7. c3 Nc6 8. Bh2 cxd4 9. cxd4 e5 10. dxe5 dxe5 11. Bc4 Qe7 12. Ne2 Na5 13. Qa4 b6 14. Nc3 Bb7 15. 0-0 Nxc4 16. Nxc4 Nd7 17. Rfd1 Nc5 18. Qc2 Rfd8 19. a4 Qg5 20. e4 Rd4 21. Nd6 Bc6 22. Bg3 Rd8 23. Ncb5 Bxb5 24. Nxb5 Rxd1+ 25. Rxd1 Rxd1+ 26. Qxd1 Nxe4 27. Nxa7 Nxg3 28. fxg3 Qxg3 29. Qd8+ Bf8 30. Qxb6 Qe1+ 31. Kh2 Bh6 32. g3 Qe2+ 33. Kh1 Be3 34. Qb8+ Kg7 35. Qxe5+ Kh6 0-1